Movies Quiz

Random Movies or Director Quiz
Score 0/28 Timer 10:00
0 Plays Today
Previous Film, Year Film, Year % Correct
Titanic, 1997Avatar, 2009
93.6%
Jackie Brown, 1997Kill Bill Vol 1, 2003
87.8%
Full Metal Jacket, 1987Eyes Wide Shut, 1999
84.9%
Hellboy, 2004El laberinto del fauno, 2006
77.3%
Punch Drunk Love, 2002There Will be Blood, 2007
75.6%
The Conversation, 1974The Godfather Part II, 1974
75%
Changeling, 2008Gran Torino, 2008
73.8%
Alice Doesn't Live Here Anymore, 1974Taxi Driver, 1976
71.5%
Vertigo, 1958North by Northwest, 1959
69.8%
Some Like it Hot, 1959The Apartment, 1960
69.8%
American Beauty, 1999Road to Perdition, 2002
64%
Barton Fink, 1991The Hudsucker Proxy, 1994
61.6%
The Sugarland Express, 1974Jaws, 1975
59.3%
Platoon, 1986Wall Street, 1987
59.3%
Previous Film, Year Film, Year % Correct
Juno, 2007Up in the Air, 2009
59.3%
Days of Heaven, 1978The Thin Red Line, 1998
55.8%
Adaptation, 2002Where the Wild Things Are, 2009
52.3%
The Seventh Seal, 1957Smultronstället, 1957
51.7%
Lawrence of Arabia, 1962Dr. Zhivago, 1965
48.8%
Dog Day Afternoon, 1975Network, 1976
47.1%
Armageddon, 1998Pearl Harbor, 2001
45.3%
School Daze, 1988Do the Right Thing, 1989
42.4%
The Da Vinci Code, 2006Frost/Nixon, 2008
40.1%
You Can't Take it With You, 1938Mr. Smith Goes to Washington, 1939
39%
Hannibal, 2001Black Hawk Down, 2001
37.8%
When Harry Met Sally..., 1989Misery, 1990
30.8%
Mister Roberts, 1955The Searchers, 1956
16.9%
Man on a Tightrope, 1953On the Waterfront, 1954
9.3%
Remove Ads.
Support Sporcle.
Get the best of Sporcle when you Go Orange. This ad-free experience offers more features, more stats, and more fun while also helping to support Sporcle. Thank you for becoming a member.

You're not logged in!

Compare scores with friends on all Sporcle quizzes.
OR
Log In

Show Comments

Extras

Created Nov 11, 2010ReportNominate
Tags:Director Quiz, Next, Produced

Top Quizzes Today


Score Distribution

Your Account Isn't Verified!

In order to create a playlist on Sporcle, you need to verify the email address you used during registration. Go to your Sporcle Settings to finish the process.

Report this User

Report this user for behavior that violates our Community Guidelines.

Details: